000 00539nam a22001697a 4500
003 GBCCL
005 20251127145310.0
008 180629b ||||| |||| 00| 0 eng d
040 _cgbc
082 _a220.52081
_bBIB
245 _aThe Holy Bible: The Holy Bible, New International Version:
_bContaining the Old Testament and the New Testament
250 _aNew International Version
260 _aNew Jersey:
_bInternational Bible Society,
_c1978
300 _axi, 1341 p.;
_c20 cm.
650 _aBible
_xEnglish
_912272
942 _2ddc
_cREF
999 _c6855
_d6855